Muslim law of marriage divorse and maintenance / (Record no. 122493)

MARC details
000 -LEADER
fixed length control field 00728nam a22002417a 4500
005 - DATE AND TIME OF LATEST TRANSACTION
control field 20170124105911.0
010 ## - LIBRARY OF CONGRESS CONTROL NUMBER
LC control number A-573562
020 ## - INTERNATIONAL STANDARD BOOK NUMBER
Terms of availability 00.00
International Standard Book Number 8171004334
035 ## - SYSTEM CONTROL NUMBER
System control number A-573562
037 ## - SOURCE OF ACQUISITION
Source of stock number/acquisition Cen Lib/Ret
040 ## - CATALOGING SOURCE
Original cataloging agency DPL
Language of cataloging EN
082 ## - DEWEY DECIMAL CLASSIFICATION NUMBER
Classification number 340.59
Item number QUR
100 ## - MAIN ENTRY--PERSONAL NAME
Personal name Qureshi, M.A.
9 (RLIN) 15216
245 ## - TITLE STATEMENT
Title Muslim law of marriage divorse and maintenance /
Statement of responsibility, etc by M. A. Qureshi
260 ## - PUBLICATION, DISTRIBUTION, ETC. (IMPRINT)
Place of publication, distribution, etc New Delhi
Name of publisher, distributor, etc Deep & Deep publications
Date of publication, distribution, etc 1992
270 ## - ADDRESS
Address F-159, Rajouri Garden
City New Delhi
300 ## - PHYSICAL DESCRIPTION
Extent 455p.
Dimensions 20cm(Hb)
500 ## - GENERAL NOTE
General note Includes bibliography and index
650 ## - SUBJECT ADDED ENTRY--TOPICAL TERM
Topical term or geographic name as entry element Law
9 (RLIN) 104
650 ## - SUBJECT ADDED ENTRY--TOPICAL TERM
Topical term or geographic name as entry element Muslim marriage and divorce
General subdivision Law
9 (RLIN) 107305
650 ## - SUBJECT ADDED ENTRY--TOPICAL TERM
Form subdivision
9 (RLIN) 107306
942 ## - ADDED ENTRY ELEMENTS (KOHA)
Source of classification or shelving scheme Dewey Decimal Classification
Koha item type English Books
Classification part 340.59
Call number suffix QUR
Holdings
Withdrawn status Lost status Damaged status Not for loan Collection code Home library Current library Date acquired Source of acquisition Cost, normal purchase price Total Checkouts Full call number Barcode Date last seen Copy number Cost, replacement price Price effective from Koha item type
      Not For Loan Reference Central Library Central Library 27/05/2015 Cen Lib/Ret 0.00   340.59 QUR A-573562 27/05/2015 1 0.00 27/05/2015 English Books

© Delhi Public Library
Hit Counter
free hit counter